Revista universitaria / (Record no. 14941)

000 -CABECERA
fixed length control field 00607nam a22001817a 4500
003 - IDENTIFICADOR DEL NÚMERO DE CONTROL
control field AR-CdUCM
008 - DATOS DE LONGITUD FIJA--INFORMACIÓN GENERAL
fixed length control field 190425b ||||| |||| 00| 0 spa d
040 ## - FUENTE DE LA CATALOGACIÓN
Agencia/entidad que catalogó originalmente la obra MUNICIPALIDAD PROVINCIAL DEL CUSCO
Entidad que transcribió la catalogación BIBLIOTECA MUNICIPAL DEL CUSCO
082 ## - NÚMERO DE LA CLASIFICACIÓN DECIMAL DEWEY
No. de Clasificación C / 051.61 /
Notacion interna R46
100 ## - ENTRADA PRINCIPAL--NOMBRE DE PERSONA
Nombre Personal Universidad del Cuzco
245 ## - MENCIÓN DE TÍTULO
Título Revista universitaria /
260 ## - PUBLICACIÓN, DISTRIBUCIÓN, ETC.
Lugar de publicación, distribución, etc. Cusco :
Nombre de la editorial, distribuidor, etc. El Trabajo,
Fecha de publicación, distribución, etc. 1912.
300 ## - DESCRIPCIÓN FÍSICA
Nº de Páginas Extensión 57 páginas ;
Dimensiones 21 cm.
440 ## - MENCIÓN DE SERIE/PUNTO DE ACCESO ADICIONAL--TÍTULO
Título Revista universitaria
Número de la parte/sección de una obra 01
9 (RLIN) 33923
505 ## - NOTA DE CONTENIDO CON FORMATO
Nota de contenido formateada Evolución histórica -- Recuerdo de Venecia -- Etnografia de los indios de Acoma...
942 ## - ELEMENTOS DE PUNTO DE ACCESO ADICIONAL (KOHA)
Fuente de clasificación
Tipo de item Revistas cusqueñas
945 ## - PROCESAMIENTO DE INFORMACIÓN LOCAL (OCLC)
Catalogador wfj
Holdings
Estado de retiro (separado) Fuente de clasificación o esquema de estanterías Estado dañado Ubicación Sala donde se ubica Nombre de la colección Fecha de adquisición o compra Signatura topográfica Código de Barras Última vez visto (Koha) Tipo de ítem (Koha)
No   Damaged Sala Cusco Antiguo Sala Cusco Antiguo Book Cart 2019-06-26 C / 051.61 / R46 SCA0003352 2019-06-26 Revistas cusqueñas

Powered by Koha